Birmingham City Council (Appellants) V Walker (FC) (Respondent) (Record no. 78835)
[ view plain ]
| 000 -LEADER | |
|---|---|
| fixed length control field | 01769cdb a22002175a 4500 |
| 001 - CONTROL NUMBER | |
| control field | L138340 |
| 008 - FIXED-LENGTH DATA ELEMENTS--GENERAL INFORMATION | |
| fixed length control field | 070530s2007 xxk f 000 0 eng d |
| 035 ## - SYSTEM CONTROL NUMBER | |
| System control number | (Sirsi) u138340 |
| 041 0# - LANGUAGE CODE | |
| Language code of text/sound track or separate title | eng |
| 245 00 - TITLE STATEMENT | |
| Title | Birmingham City Council (Appellants) V Walker (FC) (Respondent) |
| Medium | [electronic resource] |
| 260 ## - PUBLICATION, DISTRIBUTION, ETC. | |
| Date of publication, distribution, etc. | 2007 |
| 520 ## - SUMMARY, ETC. | |
| Summary, etc. | [2007] UKHL 22, 16 May 2007. B appealed against a decision (L134041) granting W the right to succeed to his mother's local authority housing tenancy after her death. W's mother became a tenant with her husband in 1965, and succeeded to become the sole tenant in 1969 following his death. This became a secure tenancy when the Housing Act 1980 came into force. B argued that W could not succeed to his mother?s tenancy as the Act allowed for succession of tenancy only once, and she herself had succeeded to that sole tenancy from her joint tenancy with her husband. "Held": The Housing Act 1985 s88 limited the number of successions to one, but could not apply to events which predated it. Therefore W's mother should not be considered a successor to the tenancy, but rather a tenant capable of succession by her offspring. The intention of s88 was to close possible loopholes within the 1980 Act, but there was no cause to apply it to events which predated that Act. Appeal dismissed. |
| 590 ## - LOCAL NOTE (RLIN) | |
| Local note | KA |
| 650 24 - SUBJECT ADDED ENTRY--TOPICAL TERM | |
| Topical term or geographic name entry element | HOUSING ACT 1980 |
| 650 24 - SUBJECT ADDED ENTRY--TOPICAL TERM | |
| Topical term or geographic name entry element | HOUSING ACT 1985 S88 |
| 650 24 - SUBJECT ADDED ENTRY--TOPICAL TERM | |
| Topical term or geographic name entry element | BIRMINGHAM CITY COUNCIL V WALKER |
| 651 #4 - SUBJECT ADDED ENTRY--GEOGRAPHIC NAME | |
| Geographic name | England and Wales |
| Chronological subdivision | 1543- |
| 690 ## - LOCAL SUBJECT ADDED ENTRY--TOPICAL TERM (OCLC, RLIN) | |
| Topical term or geographic name as entry element | PROPERTY-RESIDENTIAL PROPERTY-RESIDENTIAL LANDLORD AND TENANT-RESIDENTIAL TENANCIES |
| 856 40 - ELECTRONIC LOCATION AND ACCESS | |
| Uniform Resource Identifier | <a href="https://www.publications.parliament.uk/pa/ld200607/ldjudgmt/jd070516/birm-1.htm">https://www.publications.parliament.uk/pa/ld200607/ldjudgmt/jd070516/birm-1.htm</a> |
| Public note | View the article free of charge at www.publications.parliament.uk... |
| 942 ## - ADDED ENTRY ELEMENTS (KOHA) | |
| Suppress in OPAC | 0 |
| Withdrawn status | Lost status | Source of classification or shelving scheme | Damaged status | Not for loan | Home library | Current library | Shelving location | Date acquired | Total Checkouts | Full call number | Barcode | Date last seen | Copy number | Price effective from | Koha item type |
|---|---|---|---|---|---|---|---|---|---|---|---|---|---|---|---|
| Dewey Decimal Classification | Virtual | Virtual | Online | 30/05/2007 | ONLINE PUBLICATION | 138340-1001 | 06/08/2019 | 1 | 06/08/2019 | Law report |